banner-ar

Value Pricing for the Design Firm / (Record no. 11471)

MARC details
000 -الفاتح
حقل البيانات ثابتة الطول 00440nam a2200157Ia 4500
008 - عناصر البيانات ثابتة الطول - معلومات عامة
حقل البيانات ثابتة الطول 140319s9999 xx 000 0 eng d
040 ## - مصدر الفهرسة
وكالة الفهرسة الأصلية GCL /
وكالة النسخ GCL
082 04 - رقم تصنيف ديوى العشرى
رقم التصنيف 720'68'8
رقم المادة S V
100 1# - المدخل الرئيسى - إسم شخصى
الإسم الشخصى STASIOWSKI. FRANK
245 10 - بيان العنوان
العنوان Value Pricing for the Design Firm /
بيان المسئوليه,etc STASIOWSKI. FRANK
260 ## - PUBLICATION, DISTRIBUTION, ETC. (IMPRINT)
تاريخ النشر أو التوزيع 1992
300 ## - الوصف المادى
التعداد 218
650 04 - المدخل الاضافى بالموضوع-مصطلح موضوعى
مصطلح موضوعي ENGINEERING SERVICES MARKETING
942 ## - عناصر المدخل الإضافي( كوها)
مصدر التصنيف او مخطط الترفيف Dewey Decimal Classification
Koha [default] item type كتاب
260 ## - PUBLICATION, DISTRIBUTION, ETC. (IMPRINT)
-- [S.N] :
-- JOHN WILEY AND SONS. INC ،
Holdings
حالة التراجع حالة الفقد حالة تلف ليس للاعارة المكان المؤقت الموقع الحالى تاريخ الاكتساب اجمالي اﻻعارات رقم الطلب الباركود تاريخ اخر مشاهدة تاريخ تفعيل السعر نوع وعاء كوها
        مكتبة القاهرة الكبرى مكتبة القاهرة الكبرى 03/26/2014   720'68'8\S V 22662 03/26/2014 03/26/2014 كتاب

Powered By

EGPV